000 00651nam a2200265Ia 4500
003 OSt
005 20221005115616.0
006 a|||||r|||| 00| 0
007 ta
008 221004b |||||||| |||| 00| 0 tam d
020 _c290.00
024 _a48508
037 _cTextual
040 _aCRL
_cCRL
_btam
041 _2tam
_atam
082 _aO31,1M82w, J7
100 _aPadhmanabhan Au.
_9626753
245 0 _aChitra bharathi
260 _c1957
300 _a174p.
_ccm.
650 _a TAMIL POETRY
650 _aTAMIL LITERATURE
942 _hO31,1M82w, J7
_cTEXL
_2cc
999 _c1035367
_d1035367